Movies Quiz

Random Movies or Letter Quiz

Shortened titles of movies Quiz Stats

 Plays Quiz not verified by Sporcle

Also try: 57 'G' Movies
Challenge
Share
Tweet
Embed
Score 0/30 Timer 07:00
0 Plays Today
Clue Movie Title % Correct
Ame uty (2)American Beauty
96.6%
Bea ast (4)Beauty and the Beast
91.2%
Mou uge (2)Moulin Rouge
87%
Rag ull (2)Raging Bull
79.4%
Bac ure (4)Back to the Future
78.6%
Gon ind (4)Gone with the Wind
76.5%
Sch ist (2)Schindler's List
76.1%
Fig lub (2)Fight Club
70.2%
Ete ind (6)Eternal Sunshine of the Spotless Mind
61.3%
Law bia (3)Lawrence of Arabia
57.6%
Bla ner (2)Blade Runner
53.4%
Sat ver (3)Saturday Night Fever
53.4%
Yel ine (2)Yellow Submarine
51.7%
Jai ock (2)Jailhouse Rock
51.3%
Sno rfs (6)Snow White and the Seven Dwarfs
51.3%
Clue Movie Title % Correct
Slu ire (2)Slumdog Millionaire
46.6%
Hot nda (2)Hotel Rwanda
46.2%
Nig ead (5)Night of the Living Dead
46.2%
Bla les (2)Blazing Saddles
40.8%
Sen ity (3)Sense and Sensibility
39.1%
Rai ona (2)Raising Arizona
36.6%
Dea ing (3)Dead Man Walking
35.3%
Pul ion (2)Pulp Fiction
33.6%
Cro gon (4)Crouching Tiger, Hidden Dragon
27.7%
Sun ard (2)Sunset Boulevard
27.7%
Whe lly (4)When Harry Met Sally
24.4%
Bri ein (3)Bride of Frankenstein
18.1%
Dan ons (2)Dangerous Liaisons
18.1%
Ter ent (3)Terms of Endearment
16.8%
Mar ins (2)Mary Poppins
14.3%

You're not logged in!

Compare scores with friends on all Sporcle quizzes.
Join for Free
OR
Log In

You Might Also Like...

Show Comments

Extras

Curator's Pick May 10, 2015ReportNominate
Tags:Letter Quiz, Movie Titles Quiz, shortened

Top Quizzes Today


Score Distribution

Your Account Isn't Verified!

In order to create a playlist on Sporcle, you need to verify the email address you used during registration. Go to your Sporcle Settings to finish the process.

Report this User

Report this user for behavior that violates our Community Guidelines.

Details: